|
|
|
|
| LEADER |
02223nem a22005412a 4500 |
| 001 |
mzk03001189126 |
| 003 |
CZ BrMZK |
| 005 |
20130430165142.0 |
| 007 |
aj|ca||| |
| 008 |
130430s1903 xr |||||||a|||r|0|||ger|d |
| 034 |
0 |
|
|a a
|d E0163716
|e E0163816
|f N0490611
|g N0490536
|
| 040 |
|
|
|a BOA001
|b cze
|
| 041 |
0 |
|
|a ger
|a cze
|
| 043 |
|
|
|a e-xr---
|b e-xr-jm
|2 czenas
|
| 072 |
|
7 |
|a 912
|x Mapy. Atlasy. Glóby
|2 Konspekt
|9 7
|
| 080 |
|
|
|a 763
|2 MRF
|
| 080 |
|
|
|a 912.43:630
|2 MRF
|
| 080 |
|
|
|a 912.43:33
|2 MRF
|
| 080 |
|
|
|a 930.253
|2 MRF
|
| 080 |
|
|
|a (437.322)
|2 MRF
|
| 080 |
|
|
|a (437.322)
|2 MRF
|
| 080 |
|
|
|a (084.3)
|2 MRF
|
| 245 |
0 |
0 |
|a Habřina
|h [kartografický dokument] /
|
| 255 |
|
|
|a Měřítko neuvedeno
|c (016°37´16" v.d.--016°38´16" v.d./049°06´11" s.š.--049°05´36" s.š.)
|
| 260 |
|
|
|a [Brno :
|b Litografováno v c.k. litografickém ústavu katastru,
|c 1903?]
|
| 300 |
|
|
|a 1 mapa :
|b litografie, barev. ;
|c 30,5 x 20,6 cm
|
| 500 |
|
|
|a Mapa se zachycením Habřiny u Rebešovic
|
| 500 |
|
|
|a Kolorováno modrou, hnědou a oranžovou barvou
|
| 500 |
|
|
|a Mapa pravděpodobně od Oth. Mertha, ale nesouvisí s mapou Rebešovic a okolí uloženou v MZA pod signaturou R-A-P.a.2/5
|
| 546 |
|
|
|a Text mapy česky a německy
|
| 561 |
|
|
|a Provenience: [m.p.] E6
|
| 561 |
|
|
|a Provenience: [štítek] Moravský zemský archiv v Brně E6 Benediktýni Rajhrad
|
| 590 |
|
|
|a Papír je zežloutnut stářím a ušpiněný, jedná se o list patřící k mapě části rajhradského panství, která chybí
|
| 650 |
|
7 |
|a litografie
|7 ph122414
|2 czenas
|
| 650 |
|
7 |
|a archivní fondy
|7 ph118590
|2 czenas
|
| 650 |
|
7 |
|a lesnické mapy
|7 ph573692
|2 czenas
|
| 650 |
|
7 |
|a hospodářské mapy
|7 ph597206
|2 czenas
|
| 655 |
|
7 |
|a historické mapy
|7 fd186723
|2 czenas
|
| 651 |
|
7 |
|a Rajhrad (Česko : oblast)
|7 ge503240
|2 czenas
|
| 651 |
|
7 |
|a Rebešovice (Česko)
|7 ge632756
|2 czenas
|
| 700 |
1 |
|
|a Mertha, Oth.
|4 oth
|
| 856 |
4 |
1 |
|u http://www.digitalniknihovna.cz/mzk/uuid/uuid:1b2fcf24-c128-4945-9039-be78d12f2609
|y Digitalizovaný dokument
|
| 910 |
|
|
|e BOE950
|c R - A - dopl.17
|
| 985 |
|
|
|a 1901-1950
|
| 990 |
|
|
|a MP
|
| 996 |
|
|
|e BOE950
|c R - A - dopl.17
|
| 980 |
|
|
|c 285496
|g R-A-doplnky17
|1 3281A0285496
|
| 991 |
|
|
|k rajhrad
|